[Event "BL 1213 Turm Emsdetten - Schachfr. Berl"]
[Site "?"]
[Date "2013.04.07"]
[Round "15.6"]
[White "Zumsande, Martin"]
[Black "Polzin, Rainer"]
[Result "1-0"]
[WhiteElo "2418"]
[BlackElo "2465"]
[PlyCount "73"]
[EventDate "2013.??.??"]

1. e4 g6 2. d4 Bg7 3. Nc3 d6 4. f4 a6 5. Nf3 Nd7 6. Bd3 c5 7. d5 b5 8. O-O Bb7
9. Re1 c4 10. Bf1 Ngf6 11. a3 O-O 12. Be3 Qc7 13. Bd4 e5 14. fxe5 dxe5 15. Be3
Ng4 16. Qd2 Nxe3 17. Qxe3 Rac8 18. g3 Nf6 19. Bh3 Rb8 20. Rad1 Ne8 21. d6 Nxd6
22. Nd5 Bxd5 23. Rxd5 Rb6 24. Red1 c3 25. b3 Rc6 26. Kg2 Qe7 27. R1d3 Nc8 28.
Rxc3 Rxc3 29. Qxc3 Nb6 30. Rd1 Qxa3 31. Qc6 Rb8 32. Qc7 Qf8 33. Ng5 Na8 34. Qa7
Re8 35. Rd7 Qb4 36. Rxf7 Bh6 37. Rf8+ 1-0

[Event "BL 1213 Turm Emsdetten - Schachfr. Berl"]
[Site "?"]
[Date "2013.04.07"]
[Round "15.7"]
[White "Thiede, Lars"]
[Black "Fiebig, Thomas"]
[Result "1-0"]
[WhiteElo "2441"]
[BlackElo "2402"]
[PlyCount "79"]
[EventDate "2013.??.??"]

1. c4 e6 2. Nf3 d5 3. b3 Nf6 4. g3 Be7 5. Bg2 O-O 6. O-O c5 7. Bb2 Nc6 8. e3 b6
9. Nc3 Ba6 10. Qe2 Rc8 11. Rfd1 Qc7 12. d3 Rfd8 13. Nh4 Qd7 14. Nf3 Qc7 15.
Rac1 Qb8 16. h3 h6 17. Nb5 Bb7 18. Nh4 a6 19. Na3 Qa8 20. f4 Nb4 21. Ba1 Nd7
22. cxd5 Nxd5 23. Nc4 Qb8 24. Nf3 b5 25. Nce5 Nxe5 26. Nxe5 Bf6 27. e4 Nb6 28.
Qh5 Qc7 29. d4 c4 30. Ng4 Nd7 31. bxc4 bxc4 32. Kh2 Be7 33. d5 exd5 34. exd5
Qd6 35. Ne5 g6 36. Qxh6 Bf8 37. Nxf7 Bxh6 38. Nxd6 Rc7 39. Nxb7 Rxb7 40. Rxc4
1-0

[Event "BL 1213 Turm Emsdetten - Schachfr. Berl"]
[Site "?"]
[Date "2013.04.07"]
[Round "15.8"]
[White "Richter, Christian"]
[Black "Agopov, Mikael"]
[Result "1/2-1/2"]
[WhiteElo "2365"]
[BlackElo "2427"]
[PlyCount "140"]
[EventDate "2013.??.??"]

1. d4 Nf6 2. Nf3 g6 3. g3 Bg7 4. Bg2 d5 5. O-O O-O 6. c4 dxc4 7. Na3 c3 8. bxc3
c5 9. e3 Nc6 10. Qe2 Nd5 11. Bb2 Nb6 12. Rab1 Na4 13. Ba1 Qa5 14. Rfc1 Nb6 15.
Nc4 Qa6 16. Nfd2 Na5 17. Bf1 Naxc4 18. Nxc4 Be6 19. Nxb6 Qxe2 20. Bxe2 axb6 21.
Bf3 Rxa2 22. Rxb6 cxd4 23. cxd4 Rc8 24. Rxc8+ Bxc8 25. Bb2 Ra7 26. Rb5 e6 27.
Kg2 Bf8 28. d5 Bd7 29. Rb3 b5 30. Rd3 b4 31. d6 Ra6 32. Be5 f6 33. Bxf6 Rxd6
34. Rb3 Rd2 35. Rb1 Bb5 36. Rc1 Bd6 37. Bd1 Kf7 38. Bh8 Bc4 39. Rxc4 Rxd1 40.
Kf3 Rd2 41. Rc1 e5 42. Ke4 Ke6 43. f4 exf4 44. gxf4 Rxh2 45. Ra1 h5 46. Ra6 Rd2
47. Be5 Kd7 48. Ra7+ Kc8 49. Bd4 b3 50. Ra8+ Kc7 51. Ra7+ Kc8 52. Ra8+ Kd7 53.
Ra7+ Ke6 54. Rb7 h4 55. Rxb3 h3 56. Rb7 h2 57. Rh7 Rf2 58. Rh6 Bf8 59. Rh7 Be7
60. Kd3 Rg2 61. Ke4 Rf2 62. Kd3 Bf6 63. Bxf6 Kxf6 64. Ke4 Ke6 65. Rh6 Kf7 66.
Rh7+ Kf6 67. Rh8 Kg7 68. Rh3 g5 69. Kf5 gxf4 70. exf4 Rg2 1/2-1/2

[Event "BL 1213 SK Norderstedt - Wiesbadener SV"]
[Site "?"]
[Date "2013.04.07"]
[Round "15.1"]
[White "Khenkin, Igor"]
[Black "Olszewski, Michal"]
[Result "1/2-1/2"]
[WhiteElo "2655"]
[BlackElo "2532"]
[PlyCount "108"]
[EventDate "2013.??.??"]

1. Nf3 Nf6 2. c4 g6 3. Nc3 d5 4. cxd5 Nxd5 5. g3 Bg7 6. Bg2 O-O 7. h4 c5 8. h5
Nc6 9. hxg6 hxg6 10. Qa4 e6 11. Kf1 Bd7 12. Qc4 Rc8 13. Nxd5 exd5 14. Qxd5 c4
15. Qd6 Re8 16. Rh4 Re6 17. Qf4 Nb4 18. d4 Nc2 19. Rb1 Bc6 20. Ne5 Bxe5 21. Qh6
Bxg2+ 22. Kxg2 Bf6 23. Qh7+ Kf8 24. e4 Bxh4 25. gxh4 Qxd4 26. Bh6+ Ke8 27. f3
Nb4 28. Qg8+ Kd7 29. Qxf7+ Re7 30. Qxg6 Nd3 31. Qf5+ Kc7 32. Rd1 Rg8+ 33. Bg5
Qxb2+ 34. Kh3 Kb8 35. Qd5 Rf8 36. Qd6+ Ka8 37. Qxe7 Rb8 38. Rd2 Qb1 39. Qd6
Qf1+ 40. Kg4 Ne1 41. Qf6 Nd3 42. Kh5 a6 43. e5 c3 44. Rc2 Nb4 45. Rc1 Qd3 46.
e6 Nd5 47. Qf7 Ne3 48. Qf6 Nd5 49. Qf7 Ne3 50. Qf6 Qh7+ 51. Qh6 Qf5 52. Qf6
Qh7+ 53. Qh6 Qf5 54. Qf6 Qh7+ 1/2-1/2

[Event "BL 1213 SK Norderstedt - Wiesbadener SV"]
[Site "?"]
[Date "2013.04.07"]
[Round "15.2"]
[White "Kopylov, Mihail"]
[Black "Palac, Mladen"]
[Result "1/2-1/2"]
[WhiteElo "2473"]
[BlackElo "2600"]
[PlyCount "41"]
[EventDate "2013.??.??"]

1. d4 d5 2. c4 e6 3. Nf3 Nf6 4. g3 Bb4+ 5. Bd2 Be7 6. cxd5 exd5 7. Nc3 O-O 8.
Bg2 c6 9. O-O Bf5 10. Qb3 Qb6 11. Na4 Qxb3 12. axb3 Na6 13. Rfc1 Ne4 14. Be1
Rfe8 15. Bf1 Nc7 16. b4 Nb5 17. e3 a6 18. Nc5 Nbd6 19. Nd2 Nxd2 20. Bxd2 Ne4
21. Be1 1/2-1/2

[Event "BL 1213 SK Norderstedt - Wiesbadener SV"]
[Site "?"]
[Date "2013.04.07"]
[Round "15.4"]
[White "Bekker-Jensen, Simon"]
[Black "Tazbir, Marcin"]
[Result "1/2-1/2"]
[WhiteElo "2402"]
[BlackElo "2555"]
[PlyCount "108"]
[EventDate "2013.??.??"]

1. d4 d5 2. c4 dxc4 3. e4 Nc6 4. Nf3 Bg4 5. Be3 e6 6. Bxc4 Bb4+ 7. Nc3 Qf6 8.
Bb5 Nge7 9. h3 Bxf3 10. Qxf3 Qxf3 11. gxf3 O-O-O 12. O-O-O a6 13. Ba4 Ba5 14.
Rhg1 Rhg8 15. Bg5 b5 16. Bc2 Rxd4 17. Rxd4 Nxd4 18. Bxe7 Bxc3 19. Rg2 Ne2+ 20.
Kb1 Be5 21. Bg5 Nd4 22. Bd1 Nc6 23. f4 Bd4 24. f5 exf5 25. exf5 Re8 26. Bd2 Bf6
27. Be3 Ne5 28. Bb3 Nc4 29. Bxc4 bxc4 30. Rg4 Re5 31. Bd4 Re1+ 32. Kc2 h5 33.
Rf4 Bxd4 34. Rxd4 Re2+ 35. Rd2 Re5 36. Rd4 Rxf5 37. f4 Ra5 38. a3 Rc5 39. Kc3
h4 40. f5 Rxf5 41. Rxh4 Rf2 42. Rg4 g6 43. h4 Kb7 44. Rxc4 Rf3+ 45. Kb4 Kb6 46.
Re4 c5+ 47. Ka4 a5 48. b4 axb4 49. axb4 Rf1 50. h5 gxh5 51. Ka3 Rb1 52. Rh4
Rxb4 53. Rxh5 Rf4 54. Kb3 Kb5 1/2-1/2

[Event "BL 1213 SK Norderstedt - Wiesbadener SV"]
[Site "?"]
[Date "2013.04.07"]
[Round "15.5"]
[White "Poetsch, Hagen"]
[Black "Meyer, Falko"]
[Result "1/2-1/2"]
[WhiteElo "2466"]
[BlackElo "2259"]
[PlyCount "74"]
[EventDate "2013.??.??"]

1. e4 c6 2. Nf3 d5 3. Nc3 Bg4 4. h3 Bxf3 5. Qxf3 e6 6. d3 Bd6 7. g3 Nd7 8. Bg2
d4 9. Nb1 h5 10. h4 Ngf6 11. Nd2 Ng4 12. Qe2 Qc7 13. Nc4 Bb4+ 14. Bd2 Bxd2+ 15.
Nxd2 O-O-O 16. O-O-O Kb8 17. Bh3 Ngf6 18. f4 c5 19. Kb1 Nb6 20. b3 a5 21. Nf3
Nc8 22. Rc1 Na7 23. a4 b5 24. c3 Qb7 25. Ka1 Ka8 26. cxd4 cxd4 27. Qa2 Rb8 28.
axb5 Qxb5 29. Nxd4 Qxd3 30. Rhd1 Qxg3 31. Rc7 Rhc8 32. Rxa7+ Kxa7 33. Qxa5+ Kb7
34. Qb5+ Ka7 35. Qa5+ Kb7 36. Qb5+ Ka7 37. Qa5+ Kb7 1/2-1/2

[Event "BL 1213 SK Norderstedt - Wiesbadener SV"]
[Site "?"]
[Date "2013.04.07"]
[Round "15.6"]
[White "Kahlert, Thomas"]
[Black "Geske, Julian"]
[Result "0-1"]
[WhiteElo "2230"]
[BlackElo "2401"]
[PlyCount "90"]
[EventDate "2013.??.??"]

1. c4 b6 2. Nc3 Bb7 3. Nf3 e6 4. g3 f5 5. Bg2 Nf6 6. O-O Bb4 7. Qc2 O-O 8. a3
Bxc3 9. Qxc3 Qe7 10. b3 d6 11. Bb2 Nbd7 12. Rad1 Qe8 13. d4 Ne4 14. Qc2 Qh5 15.
d5 e5 16. Nh4 Nec5 17. b4 Na6 18. Bh3 g6 19. e4 Nf6 20. f4 exf4 21. Rxf4 Rae8
22. Re1 Bc8 23. Bg2 g5 24. Bf3 Qh6 25. Nxf5 Qg6 26. Nh4 gxh4 27. Rxh4 Nb8 28.
c5 Nbd7 29. cxd6 cxd6 30. Qc6 Ne5 31. Bxe5 dxe5 32. Rc1 Kh8 33. Qc3 Qg5 34. Rc2
Bg4 35. Rf2 Rc8 36. Qd3 Rc1+ 37. Kg2 Rg8 38. Qd2 Bxf3+ 39. Kxf3 Qxd2 40. Rxd2
Rc3+ 41. Kg2 Rgc8 42. g4 Nxe4 43. Re2 Rc2 44. Kf3 Ng5+ 45. Kf2 Rf8+ 0-1

[Event "BL 1213 SK Norderstedt - Wiesbadener SV"]
[Site "?"]
[Date "2013.04.07"]
[Round "15.7"]
[White "Carlstedt, Jonathan"]
[Black "Bohnsack, Ralf"]
[Result "1-0"]
[WhiteElo "2383"]
[BlackElo "2153"]
[PlyCount "113"]
[EventDate "2013.??.??"]

1. c4 c5 2. Nc3 Nc6 3. e3 Nf6 4. d4 cxd4 5. exd4 d5 6. c5 g6 7. Bb5 Bg7 8. Nge2
O-O 9. O-O Bg4 10. f3 Bd7 11. Bg5 e6 12. a3 a6 13. Ba4 b6 14. b4 bxc5 15. dxc5
Ne5 16. Bb3 Bb5 17. Nxb5 axb5 18. Nd4 Qd7 19. a4 Nc6 20. Nc2 Qb7 21. Qd2 Nd7
22. Ra2 Nde5 23. axb5 Qxb5 24. Rfa1 Nxf3+ 25. gxf3 Bxa1 26. Rxa1 Rxa1+ 27. Nxa1
Qxb4 28. Qxb4 Nxb4 29. Nc2 Nd3 30. c6 Nc5 31. Be7 Rc8 32. Bxc5 Rxc6 33. Bd4 f5
34. Be5 Kf7 35. Kf2 g5 36. Ke2 Ra6 37. Kd3 h5 38. Nb4 Ra3 39. Kc2 Ra5 40. Nd3
f4 41. Bc3 Ra8 42. Kd2 Rg8 43. h3 Ke7 44. Ne5 Ra8 45. Kd3 Rg8 46. Kd4 Ra8 47.
Bc2 Kf6 48. Kd3 Ke7 49. Bb1 Rg8 50. Kd2 Rc8 51. Bg6 Kf6 52. Bxh5 Ra8 53. Nc6+
e5 54. Bxe5+ Ke6 55. Bg4+ Kf7 56. Kd3 Ra4 57. Bc3 1-0

[Event "BL 1213 SK Norderstedt - Wiesbadener SV"]
[Site "?"]
[Date "2013.04.07"]
[Round "15.8"]
[White "Kues, Hendrik"]
[Black "Minor, Samuel"]
[Result "1/2-1/2"]
[WhiteElo "2134"]
[BlackElo "2223"]
[PlyCount "40"]
[EventDate "2013.??.??"]

1. c4 Nf6 2. g3 e6 3. Bg2 d5 4. Nf3 Be7 5. O-O O-O 6. Qc2 c5 7. d4 cxd4 8. Nxd4
Nc6 9. Nxc6 bxc6 10. Nd2 Ba6 11. b3 Qa5 12. Bb2 Rfd8 13. Nf3 Rac8 14. Rfd1 Ne4
15. e3 Ba3 16. Bxa3 Qxa3 17. Bf1 g6 18. Rac1 Qe7 19. Nd2 f5 20. Nxe4 fxe4
1/2-1/2

[Event "BL 1213 Werder Bremen - SC Forchheim"]
[Site "?"]
[Date "2013.04.07"]
[Round "15.2"]
[White "Fressinet, Laurent"]
[Black "Jansa, Vlastimil"]
[Result "1/2-1/2"]
[WhiteElo "2702"]
[BlackElo "2451"]
[PlyCount "98"]
[EventDate "2013.??.??"]

1. Nf3 g6 2. e4 Bg7 3. d4 d6 4. Nc3 Nf6 5. Be3 Bg4 6. Qd2 Bxf3 7. gxf3 Nbd7 8.
O-O-O a6 9. Qe2 c6 10. f4 Qa5 11. Bg2 O-O 12. Kb1 e6 13. h4 d5 14. e5 Ne8 15.
h5 Nc7 16. hxg6 fxg6 17. Bd2 Qb6 18. Qe3 Rf7 19. Na4 Qa7 20. Qh3 Bf8 21. Be3
Be7 22. Rdg1 Nf8 23. Bf1 b5 24. Bd3 Rg7 25. f5 exf5 26. Bh6 Nce6 27. Bxg7 Nxg7
28. Nc5 Bxc5 29. dxc5 Qf7 30. f4 Ra7 31. a3 Qe6 32. Qh4 Qe7 33. Qf6 Qxc5 34. b4
Qc3 35. Rxh7 Nxh7 36. Qxg6 Nf8 37. Qh6 Qxa3 38. Bxf5 Qxb4+ 39. Kc1 Qa3+ 40. Kb1
Qb4+ 41. Kc1 Qd4 42. Be6+ Nfxe6 43. Qxe6+ Kf8 44. Qf6+ Rf7 45. Qd6+ Re7 46.
Qf6+ Rf7 47. Qd6+ Re7 48. Qf6+ Kg8 49. Rxg7+ Rxg7 1/2-1/2

[Event "BL 1213 Werder Bremen - SC Forchheim"]
[Site "?"]
[Date "2013.04.07"]
[Round "15.3"]
[White "Mons, Leon"]
[Black "Hracek, Zbynek"]
[Result "0-1"]
[WhiteElo "2339"]
[BlackElo "2612"]
[PlyCount "98"]
[EventDate "2013.??.??"]

1. e4 e5 2. Nf3 Nc6 3. Bc4 Bc5 4. c3 Nf6 5. d3 d6 6. O-O O-O 7. Nbd2 a6 8. Bb3
Be6 9. Ba4 b5 10. Bc2 Bb6 11. h3 h6 12. Re1 Re8 13. Nf1 d5 14. exd5 Qxd5 15.
Ng3 Rad8 16. Nh4 Bc5 17. Be3 Bxe3 18. Rxe3 g6 19. Nf3 Qd6 20. Re1 Kg7 21. Ne4
Qe7 22. Nxf6 Qxf6 23. Bb3 Bxb3 24. axb3 e4 25. Nd2 Rxd3 26. Qc2 e3 27. Rxe3
Rdxe3 28. fxe3 Rxe3 29. Nf1 Re6 30. Rxa6 Qe5 31. Ra1 h5 32. Nh2 Qe2 33. Rc1
Qe3+ 34. Kh1 Ne7 35. Nf3 Nf5 36. Re1 Qb6 37. Rxe6 Qxe6 38. c4 b4 39. Qd2 c5 40.
Qf4 Qf6 41. Qc7 Qd6 42. Qxd6 Nxd6 43. Ne5 Ne4 44. Nd7 f6 45. g4 h4 46. Kg2 Kf7
47. Kf3 Ke7 48. Nb6 Ng5+ 49. Ke3 Nxh3 0-1

[Event "BL 1213 Werder Bremen - SC Forchheim"]
[Site "?"]
[Date "2013.04.07"]
[Round "15.6"]
[White "Meins, Gerlef"]
[Black "Bartsch, Berthold"]
[Result "1/2-1/2"]
[WhiteElo "2473"]
[BlackElo "2242"]
[PlyCount "129"]
[EventDate "2013.??.??"]

1. d4 Nf6 2. c4 e5 3. dxe5 Ng4 4. Bf4 Nc6 5. Nf3 Bb4+ 6. Nbd2 Qe7 7. e3 Ngxe5
8. Nxe5 Nxe5 9. Be2 O-O 10. O-O d6 11. Nb3 b6 12. a3 Bc5 13. Nxc5 bxc5 14. b4
cxb4 15. axb4 Bb7 16. Qd4 a5 17. bxa5 Nd7 18. f3 Nc5 19. Qc3 f5 20. Bg3 Ra6 21.
Rfb1 Bc6 22. Be1 Rfa8 23. Qc1 R6a7 24. Bc3 Nb7 25. Qd2 Nc5 26. Bd4 Ra6 27. Ra3
h6 28. Bd1 Qe6 29. Qc3 Qg6 30. Qe1 Re8 31. Qf2 Rea8 32. Bc3 Qe6 33. Be2 Re8 34.
Bd4 Rea8 35. Bc3 Re8 36. Bd2 Qg6 37. Bf1 Rea8 38. Ra2 Re8 39. Rab2 Raa8 40. Qg3
Qxg3 41. hxg3 Kf7 42. Kf2 Rf8 43. Be2 Rfe8 44. Ra2 Ra7 45. Ra3 Rea8 46. Bd1 Bd7
47. Bc3 Be6 48. Be2 Nb7 49. Rba1 Nc5 50. Bd4 Ra6 51. Bxc5 dxc5 52. Bd3 Kf6 53.
e4 fxe4 54. Bxe4 Rb8 55. g4 Ke5 56. Re1 Rb2+ 57. Kg3 Kf6 58. f4 Rb4 59. Rc1
Bxc4 60. Rxc4 Rxc4 61. Bd3 Rxa5 62. Rxa5 Rc3 63. Kf2 Rxd3 64. Rxc5 Rd7 65. g5+
1/2-1/2

[Event "BL 1213 Werder Bremen - SC Forchheim"]
[Site "?"]
[Date "2013.04.07"]
[Round "15.7"]
[White "Doeres, Hans-Juergen"]
[Black "Bluebaum, Matthias"]
[Result "1/2-1/2"]
[WhiteElo "2226"]
[BlackElo "2433"]
[PlyCount "42"]
[EventDate "2013.??.??"]

1. d4 d5 2. Bf4 c5 3. dxc5 Nc6 4. Nf3 e6 5. e3 Bxc5 6. Be2 Nf6 7. h3 O-O 8. O-O
Qe7 9. c3 e5 10. Bg5 Rd8 11. Nbd2 h6 12. Bh4 Bf5 13. b4 Bb6 14. b5 Na5 15. Qa4
Rac8 16. Rac1 Bh7 17. Rfd1 Qe6 18. Bf1 Rd6 19. Qb4 Nd7 20. Bg3 f6 21. Nd4 Qe7
1/2-1/2

[Event "BL 1213 Werder Bremen - SC Forchheim"]
[Site "?"]
[Date "2013.04.07"]
[Round "15.8"]
[White "Joachim, Sven"]
[Black "Huemmer, Bernd"]
[Result "1-0"]
[WhiteElo "2436"]
[BlackElo "2211"]
[PlyCount "103"]
[EventDate "2013.??.??"]

1. e4 g6 2. d4 Bg7 3. c4 d6 4. Nc3 c6 5. Be3 e5 6. Nge2 Nd7 7. g3 Ngf6 8. h3
Qe7 9. Bg2 O-O 10. O-O Re8 11. Qc2 b6 12. d5 c5 13. a3 Rf8 14. Rae1 Ba6 15. b3
Ne8 16. a4 Nc7 17. Nb5 Bxb5 18. axb5 a6 19. bxa6 Rxa6 20. Ra1 Rfa8 21. Rxa6
Rxa6 22. Nc3 Qe8 23. h4 Nf8 24. Bh3 b5 25. cxb5 Nxb5 26. Nxb5 Qxb5 27. Rb1 Ra8
28. Bf1 Qb7 29. Qc4 Rb8 30. Ra1 Bf6 31. Qa6 Be7 32. Bc4 Qxa6 33. Rxa6 f6 34.
Bxc5 Rd8 35. Bb6 Rc8 36. Ra7 Bd8 37. Be3 Rb8 38. Bh6 Bb6 39. Rg7+ Kh8 40. Rf7
Kg8 41. Rxf6 Bc5 42. Bb5 Rd8 43. Kf1 Bb4 44. Ke2 Rc8 45. Bc6 Rb8 46. Kd3 Ba3
47. Kc2 Bb4 48. Kd1 Ba3 49. Kc2 Bb4 50. f4 exf4 51. gxf4 Rc8 52. Kd3 1-0

[Event "BL 1213 Hamburger SK - SV Griesheim"]
[Site "?"]
[Date "2013.04.07"]
[Round "15.1"]
[White "Piorun, Kacper"]
[Black "Kempinski, Robert"]
[Result "1/2-1/2"]
[WhiteElo "2520"]
[BlackElo "2602"]
[PlyCount "46"]
[EventDate "2013.??.??"]

1. c4 e5 2. g3 Nf6 3. Bg2 c6 4. d4 exd4 5. Qxd4 d5 6. cxd5 cxd5 7. Nf3 Nc6 8.
Qa4 Bc5 9. O-O O-O 10. Bg5 h6 11. Bxf6 Qxf6 12. Nc3 Be6 13. Ne1 Rfd8 14. Nd3
Bd4 15. Rac1 Rd7 16. Nf4 Rad8 17. Qb3 Ne7 18. Nxe6 Qxe6 19. e3 Be5 20. Rfd1 d4
21. Qxe6 fxe6 22. exd4 Bxd4 23. Kf1 Kf7 1/2-1/2

[Event "BL 1213 Hamburger SK - SV Griesheim"]
[Site "?"]
[Date "2013.04.07"]
[Round "15.2"]
[White "Ernst, Sipke"]
[Black "Farago, Ivan"]
[Result "1-0"]
[WhiteElo "2554"]
[BlackElo "2488"]
[PlyCount "159"]
[EventDate "2013.??.??"]

1. d4 e6 2. c4 Nf6 3. g3 d5 4. Nf3 dxc4 5. Bg2 Nc6 6. Qa4 Bb4+ 7. Bd2 Bd6 8.
Bc3 O-O 9. Qxc4 Ne4 10. O-O Nxc3 11. Nxc3 Bd7 12. Ne4 Ne7 13. Nc5 Bc6 14. Rac1
b6 15. Nd3 Qc8 16. Nde5 Be4 17. Qb3 Qb7 18. Nc4 Nf5 19. Qc3 Rad8 20. Ncd2 c5
21. dxc5 Bxc5 22. Nxe4 Qxe4 23. e3 Qd3 24. Ne5 Qxc3 25. Rxc3 Ne7 26. a3 Bd6 27.
Nc4 Bb8 28. Rfc1 Rd7 29. Kf1 Rfd8 30. Bf3 Kf8 31. b4 Ng6 32. Bc6 Rd1+ 33. Rxd1
Rxd1+ 34. Ke2 Rd8 35. f4 Ne7 36. Bb7 f6 37. Nd2 e5 38. Nf3 exf4 39. gxf4 Kf7
40. Ba6 g6 41. Bc4+ Ke8 42. Nd4 Rc8 43. Bb5+ Kf8 44. Rxc8+ Nxc8 45. Nc6 Bc7 46.
Ba6 Ne7 47. Nxa7 g5 48. Nb5 Bb8 49. Nd4 gxf4 50. Ne6+ Kf7 51. Nxf4 Be5 52. Kd3
Ke8 53. Bb5+ Kd8 54. Ne6+ Kc8 55. h4 h5 56. Nf4 Nf5 57. Be8 Nxh4 58. Bxh5 Kb8
59. Ke4 Bb2 60. a4 Ka7 61. b5 Ba3 62. Nd5 Bb2 63. Be8 Be5 64. Bc6 Bb2 65. Ne7
Kb8 66. Nd5 Ka7 67. Ne7 Kb8 68. Kf4 Ba3 69. Nd5 Ng6+ 70. Ke4 f5+ 71. Kxf5 Ne7+
72. Nxe7 Bxe7 73. e4 Bb4 74. e5 Kc7 75. e6 Kd8 76. Kf6 Bc3+ 77. Kf7 Bb4 78. a5
bxa5 79. b6 Kc8 80. e7 1-0

[Event "BL 1213 Hamburger SK - SV Griesheim"]
[Site "?"]
[Date "2013.04.07"]
[Round "15.4"]
[White "Svane, Rasmus"]
[Black "Izsak, Gyula"]
[Result "0-1"]
[WhiteElo "2394"]
[BlackElo "2471"]
[PlyCount "204"]
[EventDate "2013.??.??"]

1. d4 d5 2. c4 e6 3. Nc3 Be7 4. Bf4 Nf6 5. e3 c6 6. Nf3 Nbd7 7. Qc2 O-O 8. h3
b6 9. cxd5 exd5 10. Bd3 Bb7 11. O-O Re8 12. Ne5 g6 13. Rad1 Bf8 14. e4 Nxe5 15.
Bxe5 dxe4 16. Bxe4 Bg7 17. Bf3 Qd7 18. Rfe1 Rad8 19. Qa4 c5 20. Bxb7 Qxb7 21.
d5 Qd7 22. Qc6 Rc8 23. Qxd7 Nxd7 24. Bxg7 Kxg7 25. Nb5 Rxe1+ 26. Rxe1 Nf6 27.
Re7 Rd8 28. Rxa7 Rxd5 29. Rb7 Rd1+ 30. Kh2 Rd2 31. a4 Nd7 32. Na7 c4 33. Rc7
Ne5 34. Kg3 Rxb2 35. f4 Nd3 36. Rxc4 Ne1 37. h4 Rxg2+ 38. Kh3 Rb2 39. Nc8 Rb3+
40. Kh2 Nf3+ 41. Kg2 Nxh4+ 42. Kf2 Rb2+ 43. Kf1 b5 44. axb5 Rxb5 45. Nd6 Rb6
46. Rd4 Rb2 47. f5 g5 48. Rd5 g4 49. Ne4 Nf3 50. Ng3 Nh2+ 51. Kg1 Nf3+ 52. Kf1
Kf6 53. Ne4+ Ke7 54. Rd6 Nh2+ 55. Kg1 Nf3+ 56. Kf1 Rb4 57. f6+ Ke8 58. Nc5 Rb8
59. Rd7 Rc8 60. Re7+ Kf8 61. Ra7 Rd8 62. Nb7 Rb8 63. Nd6 Ng5 64. Kf2 h6 65. Kg3
Kg8 66. Kxg4 Rd8 67. Nf5 Kh7 68. Ne7 Rb8 69. Ra5 Rb1 70. Ra6 Rf1 71. Rb6 Ne6
72. Nd5 h5+ 73. Kh4 Rh1+ 74. Kg3 h4+ 75. Kf2 h3 76. Ne7 Kh6 77. Rb5 Ng5 78.
Nf5+ Kg6 79. Nh4+ Kxf6 80. Rf5+ Ke6 81. Rxg5 h2 82. Nf3 Rf1+ 83. Kxf1 h1=Q+ 84.
Kf2 Qa1 85. Rg1 Qb2+ 86. Kg3 Qb8+ 87. Kf2 f6 88. Rd1 f5 89. Rd4 Qb2+ 90. Ke3
Qc1+ 91. Rd2 Kf6 92. Kf4 Qc7+ 93. Ke3 Qe7+ 94. Kf2 f4 95. Rb2 Qc5+ 96. Kg2 Qe3
97. Rd2 Qb3 98. Re2 Qg8+ 99. Kf1 Qg4 100. Nd4 Qh3+ 101. Kf2 Qg3+ 102. Kf1 Qd3
0-1

[Event "BL 1213 Hamburger SK - SV Griesheim"]
[Site "?"]
[Date "2013.04.07"]
[Round "15.5"]
[White "Horvath, Peter"]
[Black "Ftacnik, Lubomir Dr"]
[Result "1-0"]
[WhiteElo "2434"]
[BlackElo "2547"]
[PlyCount "79"]
[EventDate "2013.??.??"]

1. d4 Nf6 2. c4 g6 3. Nc3 d5 4. cxd5 Nxd5 5. Bd2 Bg7 6. e4 Nb6 7. Be3 Nc6 8.
Bb5 O-O 9. Nge2 Na5 10. b3 a6 11. Bd3 Nc6 12. Bc2 f5 13. e5 Nb4 14. O-O N4d5
15. Qd2 Be6 16. Nxd5 Nxd5 17. b4 Qd7 18. Bb3 Rad8 19. Rfd1 c6 20. h4 Nc7 21.
Rab1 Qe8 22. Qc1 Qf7 23. h5 gxh5 24. Bh6 Bxh6 25. Qxh6 f4 26. Nxf4 Qxf4 27.
Bxe6+ Nxe6 28. Qxe6+ Rf7 29. Rf1 Rxd4 30. Qc8+ Rf8 31. Qxb7 Qxe5 32. Rb3 Rxf2
33. Qc8+ Kg7 34. Kxf2 Rf4+ 35. Rf3 Rxf3+ 36. Kxf3 Qf6+ 37. Ke2 Qb2+ 38. Ke1
Qxb4+ 39. Kf2 Qd4+ 40. Kg3 1-0

[Event "BL 1213 Hamburger SK - SV Griesheim"]
[Site "?"]
[Date "2013.04.07"]
[Round "15.6"]
[White "Rogozenco, Dorian"]
[Black "Grabarczyk, Miroslaw"]
[Result "1/2-1/2"]
[WhiteElo "2503"]
[BlackElo "2450"]
[PlyCount "104"]
[EventDate "2013.??.??"]

1. d4 d5 2. c4 e6 3. Nc3 Be7 4. cxd5 exd5 5. Bf4 Nf6 6. e3 O-O 7. Bd3 c5 8.
dxc5 Bxc5 9. Nge2 Nc6 10. O-O Be6 11. Rc1 a6 12. Bb1 Bd6 13. h3 Rc8 14. Qa4
Bxf4 15. Qxf4 Qe7 16. Rfd1 Rfd8 17. Na4 Nd7 18. Nd4 Nxd4 19. Qxd4 b5 20. Nc3
Nf6 21. Ne2 Rc4 22. Qb6 Rd6 23. Qa5 Rdc6 24. Qd2 g6 25. b3 Rxc1 26. Rxc1 Ne4
27. Bxe4 Rxc1+ 28. Qxc1 dxe4 29. Qc6 Qa3 30. Qc2 Qb4 31. Nd4 a5 32. Qxe4 a4 33.
Qa8+ Kg7 34. Qb8 Qe1+ 35. Kh2 Qxf2 36. Qe5+ Kh6 37. bxa4 bxa4 38. a3 Qa2 39.
Qf4+ Kg7 40. Qe5+ Kh6 41. Qd6 Kg7 42. e4 Bc4 43. Nf3 Bb3 44. Ne5 Qf2 45. Nd7 h5
46. Qe5+ Kh6 47. Nf6 Be6 48. Ne8 h4 49. Nf6 Qe3 50. Ng8+ Kh7 51. Nf6+ Kh6 52.
Ng8+ Kh7 1/2-1/2

[Event "BL 1213 Hamburger SK - SV Griesheim"]
[Site "?"]
[Date "2013.04.07"]
[Round "15.7"]
[White "Grabarczyk, Bogdan"]
[Black "Heinemann, Thies"]
[Result "1/2-1/2"]
[WhiteElo "2393"]
[BlackElo "2479"]
[PlyCount "73"]
[EventDate "2013.??.??"]

1. e4 c5 2. Nf3 d6 3. d4 cxd4 4. Nxd4 Nf6 5. Nc3 a6 6. Bg5 Nbd7 7. Qe2 b5 8.
O-O-O Bb7 9. Bxf6 Nxf6 10. e5 dxe5 11. Ndxb5 Nd7 12. Na3 e6 13. Nc4 Qc7 14. Qd2
Bc5 15. Nd6+ Bxd6 16. Qxd6 Qxd6 17. Rxd6 Ke7 18. Rd2 e4 19. Rd4 f5 20. Be2 Ne5
21. Rhd1 a5 22. Na4 Ba6 23. c4 Rac8 24. b3 Rc6 25. Kd2 g5 26. Ke3 h5 27. g3 Bb7
28. c5 h4 29. a3 hxg3 30. hxg3 Rc7 31. Rd6 f4+ 32. gxf4 Rh3+ 33. Kd4 Nc6+ 34.
Kxe4 Nd8+ 35. Kd4 Nc6+ 36. Ke4 Nd8+ 37. Kd4 1/2-1/2

[Event "BL 1213 Hamburger SK - SV Griesheim"]
[Site "?"]
[Date "2013.04.07"]
[Round "15.8"]
[White "Berger, Steve"]
[Black "Walter, Stefan"]
[Result "1/2-1/2"]
[WhiteElo "2400"]
[BlackElo "2358"]
[PlyCount "46"]
[EventDate "2013.??.??"]

1. e4 e5 2. Nf3 Nc6 3. Nc3 Nf6 4. d4 exd4 5. Nxd4 Bb4 6. Nxc6 bxc6 7. Bd3 d5 8.
exd5 cxd5 9. O-O O-O 10. h3 c6 11. Qf3 Be6 12. Bf4 Bd6 13. Ne2 Rb8 14. b3 Re8
15. Rad1 Bxf4 16. Nxf4 Qa5 17. c3 c5 18. Bb1 Rbd8 19. Rfe1 Qb6 20. Nh5 Nxh5 21.
Qxh5 g6 22. Qh4 Kg7 23. b4 Rc8 1/2-1/2

[Event "BL 1314 SK König Tegel - SV Griesheim"]
[Site "?"]
[Date "2013.10.12"]
[Round "1.2"]
[White "Stern, Rene"]
[Black "Tazbir, Marcin"]
[Result "1/2-1/2"]
[WhiteElo "2509"]
[BlackElo "2552"]
[PlyCount "106"]
[EventDate "2013.??.??"]

1. d4 Nf6 2. c4 e6 3. Nc3 Bb4 4. Bd2 b6 5. f3 O-O 6. e4 d6 7. Nge2 e5 8. a3
Bxc3 9. Bxc3 Qe7 10. Ng3 g6 11. Be2 Nbd7 12. O-O Ne8 13. b4 Bb7 14. d5 Ng7 15.
Qd2 g5 16. Bd3 h6 17. Rac1 c6 18. dxc6 Bxc6 19. Rfd1 Rad8 20. Nf1 Rfe8 21. Ne3
Nf8 22. Nd5 Bxd5 23. cxd5 Rc8 24. Ba6 Rc7 25. Bb2 Ng6 26. Rc6 Qd8 27. g3 Ree7
28. Bf1 Ne8 29. Bh3 b5 30. Rdc1 Rxc6 31. dxc6 Qb6+ 32. Qf2 Qxf2+ 33. Kxf2 Nf8
34. Bf1 a6 35. a4 Nc7 36. axb5 axb5 37. Rd1 f6 38. Rxd6 Re6 39. Rxe6 Nfxe6 40.
Bh3 Kf7 41. f4 gxf4 42. Bxe6+ Nxe6 43. gxf4 exf4 44. e5 f5 45. Bd4 Ke8 46. Bb6
h5 47. Kg2 Ng5 48. Bf2 Ne6 49. Kh3 Ng5+ 50. Kh4 Nf3+ 51. Kxh5 Nxe5 52. Kg5 Nxc6
53. Kxf4 Nxb4 1/2-1/2

[Event "BL 1314 SK König Tegel - SV Griesheim"]
[Site "?"]
[Date "2013.10.12"]
[Round "1.3"]
[White "Bulski, Krzysztof"]
[Black "Muse, Mladen"]
[Result "1-0"]
[WhiteElo "2541"]
[BlackElo "2434"]
[PlyCount "89"]
[EventDate "2013.??.??"]

1. d4 Nf6 2. c4 e6 3. Nc3 Bb4 4. e3 O-O 5. Nge2 c5 6. a3 cxd4 7. exd4 Be7 8. g3
d5 9. cxd5 Nxd5 10. Bg2 Nxc3 11. Nxc3 Bf6 12. Be3 Nc6 13. Bxc6 bxc6 14. O-O Ba6
15. Re1 Bc4 16. Qa4 Bd5 17. Nxd5 cxd5 18. Rac1 h5 19. b4 Bg5 20. Qb3 Bxe3 21.
Qxe3 a5 22. b5 a4 23. Rc6 Qa5 24. Rb1 Rab8 25. b6 Rb7 26. Qc1 g6 27. Rb4 Kg7
28. Qc2 Ra8 29. h4 Qa6 30. Kg2 Qa5 31. Rc5 Qa6 32. Rcb5 Rab8 33. Qc6 Qa8 34.
Qd6 Kg8 35. Rb2 Rd8 36. Qb4 Rc8 37. Rc5 Kg7 38. Rxc8 Qxc8 39. Qxa4 Qc4 40. Qb4
Qd3 41. a4 g5 42. a5 gxh4 43. Qd2 h3+ 44. Kxh3 Qf3 45. Kh2 1-0